| 000 | 00488nam a2200181Ia 4500 | ||
|---|---|---|---|
| 003 | OSt | ||
| 005 | 20251103182710.0 | ||
| 008 | 210423s9999 xx 000 0 und d | ||
| 040 | _cAL | ||
| 041 | _aEnglish | ||
| 082 |
_a362.29 _bSHEA |
||
| 100 |
_aShetty K S _9117856 |
||
| 245 | _aAlcohol alcoholism addiction and deaddiction | ||
| 260 |
_bPranja counselling _aMangaluru _c2003 |
||
| 365 |
_b350 _cINR |
||
| 906 | _aaddiction ; Alcohol ; alcoholism ; deaddiction. | ||
| 942 |
_2ddc _cBK |
||
| 999 |
_c173697 _d173697 |
||